Report of the high-powered expert committee on companies and mrtp acts (Record no. 497917)

000 -LEADER
fixed length control field 00488cam a22001097a 4500
008 - FIXED-LENGTH DATA ELEMENTS--GENERAL INFORMATION
fixed length control field 180718b1978 xxu||||| |||| 00| 0 eng d
082 ## - DEWEY DECIMAL CLASSIFICATION NUMBER
Classification number t3103x54 In2rep
245 ## - TITLE STATEMENT
Title Report of the high-powered expert committee on companies and mrtp acts
Statement of responsibility, etc. by Ministry of Law, Justics and Company Affairs, Department of Company Affairs. India
260 ## - PUBLICATION, DISTRIBUTION, ETC.
Place of publication, distribution, etc. New Delhi
Name of publisher, distributor, etc. Government of India
Date of publication, distribution, etc. 1978
300 ## - PHYSICAL DESCRIPTION
Extent 268+p.
700 ## - ADDED ENTRY--PERSONAL NAME
Personal name India.Department of Company Affairs.Ministry of Law, Justics and Company Affairs
Holdings
Withdrawn status Lost status Damaged status Not for loan Permanent Location Current Location Date acquired Full call number Barcode Date last seen Price effective from Koha item type
        Indian Institute of Public Administration Indian Institute of Public Administration 2018-08-04 t3103x54 In2rep G14595 2018-08-04 2018-08-04 G

Powered by Koha